Welcome to CU Library Online Public Access Catalogue (OPAC)

ANGELS AND DEMONS (Record no. 6680)

MARC details
000 -LEADER
fixed length control field 00326nam a22001337a 4500
005 - DATE AND TIME OF LATEST TRANSACTION
control field 20250625123525.0
008 - FIXED-LENGTH DATA ELEMENTS--GENERAL INFORMATION
fixed length control field 250625b |||||||| |||| 00| 0 eng d
020 ## - INTERNATIONAL STANDARD BOOK NUMBER
International Standard Book Number 9781844741823
050 ## - LIBRARY OF CONGRESS CALL NUMBER
Classification number BS680
Item number ANG
245 ## - TITLE STATEMENT
Title ANGELS AND DEMONS
260 ## - PUBLICATION, DISTRIBUTION, ETC.
Place of publication, distribution, etc. APOLLOS
Name of publisher, distributor, etc. INTER-VARSITY PRESS
Date of publication, distribution, etc. c2007
300 ## - PHYSICAL DESCRIPTION
Extent 277p
942 ## - ADDED ENTRY ELEMENTS (KOHA)
Source of classification or shelving scheme Library of Congress Classification
Koha item type Books
Suppress in OPAC No
999 ## -
-- 6680
-- 6680
Holdings
Withdrawn status Lost status Source of classification or shelving scheme Damaged status Not for loan Collection Home library Current library Shelving location Date acquired Total checkouts Full call number Barcode Date last seen Copy number Price effective from Koha item type
    Library of Congress Classification     Non-fiction Undergraduate Library (Christ Temple) Undergraduate Library (Christ Temple) General stacks 06/25/2025   BS680 ANG ulct00003512 06/25/2025 1 06/25/2025 Books
© 2023-2024 Copyright: Central University Libraries. All Rights Reserved | Created by: Mahone Tech Office